ბათუმის შოთა რუსთაველის სახელმწიფო უნივერსიტეტის ბიბლიოთეკა

სპექტრომეტრული მეთოდების გამოყენება ორგანულ ქიმიაში : (ბიბ.ჩანაწერი № 36169)

000 -ლიდერი
ფიქსირებული სიგრძის საკონტროლო ველი 01260nam a2200253Ia 4500
001 - საკონტროლო ნომერი
საკონტროლო ველი 2071
003 - საკონტროლო ნომრის იდენტიფიკატორი
საკონტროლო ველი GE_BSU
005 - ბოლო ოპერაციის თარიღი და დრო
საკონტროლო ველი 20190514143400.0
008 - ფიქსირებული სიგრძის მონაცემთა ელემენტები - ზოგადი ინფორმაცია
ფიქსირებული სიგრძის საკონტროლო ველი 181216s2005||||ge |||||||||||||| ||geo||
020 ## - წიგნის საერთაშორისო სტანდარტული ნომერი
International Standard Book Number 9994035835
040 ## - კატალოგიზაციის წყარო
Transcribing agency GE_BSU
041 ## - ენის კოდი
Language code of text/sound track or separate title geo
080 ## - უნივერსალური ათობითი კლასიფიკაციის ინდექსი
Universal Decimal Classification number 547(075.8) ე–55
100 ## - მთავარი ჩანაწერი - პიროვნების სახელი
Personal name ელიზბარაშვილი, ე.
9 (RLIN) 1100
245 ## - ცნობა სათაურის შესახებ
Title სპექტრომეტრული მეთოდების გამოყენება ორგანულ ქიმიაში :
Remainder of title დამხმარე სახელმძღვანელო /
Statement of responsibility, etc ე. ელიზბარაშვილი, ზ. გელიაშვილი, გ. ჭირაქაძე; რედაქტორი: ფ. აფხაზავა.
264 ## - წარმოების, გამოცემის, დისტრიბუციის და სხვა ცნობები
გამოცემის, წარმოების, დისტრიბუციის... ადგილი თბილისი:
გამოცემის, წარმოების, დისტრიბუციის... სახელწოდება ტექნიკური უნივერსიტეტი,
გამოცემის, წარმოების, დისტრიბუციის... თარიღი 2005.
300 ## - ფიზიკური აღწერა
Extent 161 გვ.;
Other physical details 20 სმ.
653 ## - INDEX TERM--UNCONTROLLED
Uncontrolled term ქიმია
653 ## - INDEX TERM--UNCONTROLLED
Uncontrolled term ორგანული ქიმია
700 ## - ADDED ENTRY--PERSONAL NAME
Personal name გელაშვილი, ზ.
Relator term ავტორი.
9 (RLIN) 1101
700 ## - ADDED ENTRY--PERSONAL NAME
Personal name ჭირაქაძე, გ.
Relator term ავტორი.
9 (RLIN) 1102
700 ## - ADDED ENTRY--PERSONAL NAME
Personal name აფხაზავა, ფ.
Relator term რედაქტორი
9 (RLIN) 1103
942 ## - ADDED ENTRY ELEMENTS (KOHA)
Koha item type წიგნი
Source of classification or shelving scheme
ეგზემპლარები
ჩამოწერის სტატუსი დაკარგული ეგზემპლარის სტატუსი კლასიფიკაციის წყარო ან თაროზე გაწყობის სქემა დაზიანების სტატუსი არ გაიცემა მუდმივი მდებარეობა (დაცვის ადგილი) ამჟამინდელი ადგილსამყოფელი თაროზე განთავსების ადგილი შეძენის თარიღი ღირებულება, შესყიდვის ნორმალური ფასი სრული შენახვის შიფრი შტრიხკოდი ბოლო ოპერაციის თარიღი ეგზემპლარის მიმდევრობითი ნომერი (კეტერი?) ფასის ძალაში შესვლის თარიღი ეგზემპლარის სახეობა საჯარო შენიშვნა
          ბათუმის შოთა რუსთაველის სახელმწიფო უნივერსიტეტის მთავარი ბიბლიოთეკა ბათუმის შოთა რუსთაველის სახელმწიფო უნივერსიტეტის მთავარი ბიბლიოთეკა წიგნსაცავი 2018-12-17 6.00 547(075.8) ე–55 4205 2018-12-17 4205 2018-12-17 წიგნი 6 ლ.